Guess The Footballer From Career Transfers #1 - Statistics

General Stats
  • This quiz has been taken 213 times
  • The average score is 7 of 20
Answer Stats
Career Transfers in Order Player % Correct
Brescia - Inter - AC Milan - Juventus - NYCFC Andrea Pirlo
68%
Schalke - Wolfsburg - PSG - Al-Ahli Julian Draxler
64%
Ajax - Real Madrid - Inter - Galatasaray - Nice - Al-Gharafa Wesley Sneijder
56%
Skoda Plzen - Sparta Prague - Lazio - Juventus Pavel Nedved
55%
Arsenal - Real Sociedad - LAFC Carlos Vela
49%
Colo-Colo - Real Sociedad - Barcelona - Man City - Real Betis Claudio Bravo
45%
Auxerre - Marseille - Nimes - Leeds - Man Utd Eric Cantona
41%
Stella Club - Atalanta - AC Milan - Barcelona - Al-Ahli Franck Kessie
40%
Northampton - Newcastle - Peterborough - Brentford Ivan Toney
35%
Perugia - Rangers - Salernitana - AC Milan - Sion Gennaro Gattuso
34%
Toulouse - Newcastle - Tottenham - Watford - Nantes Moussa Sissoko
32%
West Ham - Tottenham - Man Utd Michael Carrick
30%
Juventus - Toronto - Al-Hilal - Sampdoria Sebastian Giovinco
28%
Estrela - Vitoria Guimaraes - Man Utd - Benfica - Eibar - Rayo Vallecano Bebe
22%
Bordeaux - Arsenal - Crystal Palace - Cardiff City Marouane Chamakh
22%
Liverpool - Real Madrid - Man City Steve McManaman
20%
Charlton - Liverpool - Swansea - Newcastle - Nottingham Forest Jonjo Shelvey
18%
Castellon - Valencia - Lazio - Middlesbrough Gaizka Mendieta
14%
Sunderland - Newcastle - Nottingham Forest - QPR Jack Colback
13%
Las Palmas - Sevilla - Atletico Madrid Vitolo
11%
No matching quizzes found
Score Distribution
Percent of People with Each Score
Percentile by Number Answered
Your Score History
You have not taken this quiz